MARC

LEADER 00000nam0a2200000 4500
001 302329
005 20231102001506.0
020 |a RU  |b 83-33861 
035 |a (RuTPU)RU\TPU\book\327526 
090 |a 302329 
100 |a 20150820d1983 km y0rusy5003 ca 
101 0 |a rus  |a eng 
102 |a RU 
105 |a y z 001zy 
200 1 |a Пролетарский интернационализм и развитие социалистических стран Азии  |f Академия наук СССР (АН СССР), Институт востоковедения (ИВ) ; гл. ред. Г. Ф. Кима 
210 |a Москва  |c Наука  |d 1983 
215 |a 527 с. 
300 |a Авт. указаны на 5-й с. 
320 |a Указ.: с. 517-521 
327 0 |a Рез.: англ. 
606 1 |a Пролетарский интернационализм  |x Национальные отношения  |2 stltpush  |3 (RuTPU)RU\TPU\subj\52174  |9 70665 
610 1 |a Социалистический интернационализм 
610 1 |a Социалистическое строительство - 
610 1 |a Монгольская Народная Республика 
610 1 |a Корейская Народно-Демократическая Республика 
610 1 |a Вьетнам, Социалистическая Республика 
610 1 |a социалистические страны 
610 1 |a Азия 
610 1 |a 20 век 
610 1 |a история 
686 |a Ф5(0)  |2 rubbk 
702 1 |a Ким  |b Г. Ф.  |g Георгий Федорович  |4 651 
712 0 2 |a Академия наук СССР (АН СССР)  |b Институт востоковедения (ИВ)  |c (Москва)  |2 stltpush  |3 (RuTPU)RU\TPU\col\11263 
801 0 |a RU  |b RuMRKP  |c 19950704  |g psbo 
801 1 |a RU  |b 63413507  |c 20150820 
801 2 |a RU  |b 63413507  |c 20190625  |g RCR 
942 |c BK